| 000 | 00572nam a2200157Ia 4500 | ||
|---|---|---|---|
| 008 | 160316s1995 xxu||||| |||| 00| 0 eng d | ||
| 082 |
_a341.450000 _bINT |
||
| 100 | _a | ||
| 245 | _aPublic hearing on the struggles of women workers in the fish processing industry in India, 23-24 Jun. | ||
| 250 | _a | ||
| 260 |
_aMadras _bInternational Collective in Support of Fishworkers _c1995 |
||
| 300 |
_a50 _b _c |
||
| 365 | _b | ||
| 650 | _a1. Seafood processing industry - migrant women 2. Women workers 3. Verdict - Jury 4. plans - National fishworkers' forum | ||
| 700 |
_a _a |
||
| 999 |
_c36930 _d36930 |
||